00326nam a2200133Ia 4500008004100000020001500041041001200056082001600068100001700084245004400101260002700145300000800172650001200180221030s9999 xx 000 0 und d a8176112534 aEnglish a105.23bMat aM. J. Mathew 0aBusiness Communicationcby M. J. Mathew bRBSA PubaJaipurc2005 a322 aENGLISH